000 00418nam a2200145Ia 4500
008 230917s9999||||xx |||||||||||||| ||und||
040 _e176078
_aMAIN
041 _aEnglish
082 _a759.9543 D851L
100 _aदुबे, श्याम सुन्दर
245 0 _aलोक-चित्रकला
260 _aदिल्ली
_bनेशनल
_c2005
300 _a145 पृ. p.
942 _cHN
999 _c131138
_d131138